00309nam a2200121Ia 4500008004100000041000800041082001400049100001400063245003400077260003300111300003200144365001100176240624s9999 xx 000 0 und d aeng a332.1 MRU aMRUDULA E aPLASTIC MONEY AN INTRODUCTION c2006aHyderabadbICFAI press aviii, : 228 : p. : cm. ; 23 cRSb50